000 00343nam a22001337a 4500
008 170801b xxu||||| |||| 00| 0 eng d
020 _a9780495806493
041 _aeng
080 _24TH
_a004
100 _a32
101 _aSHK
245 _aA GUIDE TO COMPUTER USER SUPPORT FOR HELP DESK AND SUPPORT SPECIALISTS
_cBEISSE,F
942 _2udc
_cBK
999 _c22384
_d22384